Country by Image Multiple Choice - Statistics

General Stats
  • This quiz has been taken 49 times
  • The average score is 4 of 10
Answer Stats
Question Answer % Correct
Which of these is NOT in the Philippines?
60%
Which of these is in the United States?
60%
Which of these is NOT in Iran?
60%
Which of these is NOT in Italy?
60%
Which of these is NOT in India?
40%
Which of these is NOT in Chile?
40%
Which of these is NOT in the United States?
20%
Which of these is in China?
20%
Which of these is in Europe?
0%
Which of these is NOT currently a French territory?
0%
No matching quizzes found
Score Distribution
Percent of People with Each Score
Percentile by Number Answered
Your Score History
You have not taken this quiz